| 000 | 00398nam a2200157Ia 4500 | ||
|---|---|---|---|
| 003 | GCL | ||
| 008 | 140319s9999 xx 000 0 eng d | ||
| 040 |
_aGCL / _cGCL |
||
| 082 | 0 | 4 |
_a786.2109 _bE P |
| 100 | 1 | _aEBRLICH, CGRIL | |
| 245 | 1 | 0 |
_aThe Piano: A history. / _cEBRLICH, CGRIL |
| 260 |
_a[S.N] : _bCLARENDON PRESS ، _c1990 |
||
| 300 | _a254 | ||
| 650 | 0 | 4 | _aPIANO - HISTORY |
| 942 |
_2ddc _cBK |
||
| 999 |
_c17296 _d17296 |
||